Der Widerstand des Lesers Fanfiction als Leserreaktion /

Elmentve itt :
Bibliográfiai részletek
Szerző: Miklósi Bettina
További közreműködők: Horváth Márta
Dokumentumtípus: Cikk
Megjelent: Institut für Germanistik, Universität Szeged Szeged 2024
Sorozat:Acta germanica iuvenum
Kulcsszavak:Német irodalom története, Irodalomtudomány, Irodalomelmélet
Tárgyszavak:
doi:10.14232/usz.agi.2024.4.3

Online Access:http://acta.bibl.u-szeged.hu/85612
LEADER 00912nab a2200241 i 4500
001 acta85612
005 20241119110857.0
008 241119s2024 hu o 000 ger d
020 |a 978-963-306-978-3 
022 |a 2498-5511 
024 7 |a 10.14232/usz.agi.2024.4.3  |2 doi 
040 |a SZTE Egyetemi Kiadványok Repozitórium  |b hun 
041 |a ger 
100 1 |a Miklósi Bettina 
245 1 4 |a Der Widerstand des Lesers   |h [elektronikus dokumentum] :  |b Fanfiction als Leserreaktion /  |c  Miklósi Bettina 
260 |a Institut für Germanistik, Universität Szeged  |b Szeged  |c 2024 
300 |a 97-133 
490 0 |a Acta germanica iuvenum 
650 4 |a Bölcsészettudományok 
650 4 |a Nyelvek és irodalom 
695 |a Német irodalom története, Irodalomtudomány, Irodalomelmélet 
700 0 1 |a Horváth Márta 
856 4 0 |u http://acta.bibl.u-szeged.hu/85612/1/germanica_iuvenum_004_097-133.pdf  |z Dokumentum-elérés